000 00624nam a22001697a 4500
020 _qHard Cover.
082 _a330
100 _aSabir, Ayesha
245 _aA Demand and Supply Analysis of Pakistanā€˜s Underperforming Education Sector Using OOSC /
_cAyesha Sabir, Arfa Shuaib Karim and Rameesha Naqi.
260 _aIslamabad:
_bS3H - NUST,
_c2019.
300 _a91 p. :
_bill. ;
_c30cm.
650 _aEconomics BS-Project Report.
_927430
700 _aDr. Faisal Jamil
_927429
856 _uhttp://10.250.8.41:8080/xmlui/handle/123456789/3197
942 _2ddc
_cPR
999 _c533517
_d533517